000 00993nam a2200337Ia 4500
003 OSt
005 20220912144923.0
006 a|||||r|||| 00| 0
007 ta
008 220909b |||||||| |||| 00| 0 eng d
020 _a079235771x
024 _a86087
037 _cTextbook
040 _aCSL
_beng
_cCSL
041 _aeng
082 _aB33, N9 TB
100 _aHu Pei-Chu
245 0 _aDifferentiable and complex dynamics of several variables
260 _aDordrecht
_bKluwer Academic Publishers
_c1999
300 _aix, 338p.
_ccm.
490 _aMathematics and its applications, 483
500 _aBibliography 319-334p.; Index 335-338p.
650 _a Calculus
650 _a Differentiable dynamical systems
650 _a Functions of several complex variables
650 _a Topology
650 _aMathematics
700 _a Yang Chung-Chun
942 _hB33, N9 TB
_cTB
_2CC
999 _c19032
_d19032